000 00418nam a22001817a 4500
003 OSt
005 20250402152048.0
008 250402b |||||||| |||| 00| 0 eng d
020 _a9789393050427
082 _a8H3
_bLEXI
100 _aLexicon Books
245 _aLokpriye jatak kathaye
260 _aNew Delhi
_bLexicon Books
300 _a159P.
546 _aHindi
651 _aHindi Fiction
942 _2ddc
_cBK
999 _c3750
_d3750